| 000 | 00814nam a22002651 4500 | ||
|---|---|---|---|
| 001 | 27086 | ||
| 003 | BD-RjUL | ||
| 005 | 20211209051118.0 | ||
| 008 | 140324s1962 enk 000 0 eng d | ||
| 035 | _a(BD-RjUL)27157 | ||
| 040 |
_aDLC _cDLC _dDLC _dOCoLC _dBD-RjUL _beng |
||
| 041 | _aeng | ||
| 082 | 0 | 0 |
_a972.91064 _bDRC 1962 |
| 100 | 1 |
_aDraper, Theodore, _d1912-2006. _910416 |
|
| 245 | 1 | 0 |
_aCastro's revolution, myths and realities / _cTheodore Draper. |
| 260 |
_aLondon : _bThames and Hudson, _c1962. |
||
| 300 |
_avi, 211 p. ; _c21 cm. |
||
| 600 | 1 | 0 |
_aCastro, Fidel, _d1926- _983207 |
| 650 | 0 |
_aCommunism _zCuba. _983188 |
|
| 651 | 0 |
_aCuba _xPolitics and government _y1933-1959. _983189 |
|
| 651 | 0 |
_aCuba _xHistory _yInvasion, 1961. _983190 |
|
| 942 |
_2ddc _cBK |
||
| 999 |
_c27086 _d27086 |
||